00483nam a2200145Ia 4500008004100000245010600041260001700147260000900164300000800173650002300181650001200204856002900216999001900245952007300264170516s9999 xx 000 0 und d aSuperparamagnetic Iron Oxide Nanoparticles: Amplifying ROS Stress to Improve Anticancer Drug Efficacy bTheranostics c2013 a3:2 xMedical Technology xMedtech uhttp://www.thno.org/v3i2 c330790d330790 001040aCLbCLd2017-05-16l0r2017-05-16 00:00:00w2017-05-16yFOJ